000 00462nam a2200181Ia 4500
020 _a0071054642
040 _cVVX
082 _a610 MAY 1995 A038 Or.
245 0 0 _aMedical-surgical nursing /
300 _axiv, 362 pages ;
_c28 cm
490 1 _aMcGraw-Hill clinical care plan series
650 0 _aSurgical nursing
650 0 _aNursing care plans
650 0 _aMedical protocols
700 1 _aMayers, Marlene
700 1 _aPankratz, Carol
942 _cEK
999 _c11640
_d11640